000 00264 a2200109 4500
001 68504
040 _cAnchieta - Itaigara
240 1 0 _aNem todas as girafas são iguais
_l
245 1 0 _aNem todas as girafas são iguais
650 4 _aLiteratura infantil
942 _cMU
999 _c68504
_d68504